| 000 | 02407nam a22003737a 4500 | ||
|---|---|---|---|
| 001 | 100061 | ||
| 003 | KnowledgeUnlatched | ||
| 005 | 20210303105359.0 | ||
| 006 | m o d | ||
| 007 | cr u|||||||||| | ||
| 008 | 210129p20172017xxk o u00| u eng d | ||
| 035 | _a(OCoLC)971365487 | ||
| 037 | _5BiblioBoard | ||
| 245 | 0 | 0 |
_aSecurity/Mobility _bPolitics of Movement / _cMatthias Leese, Stef Wittendorp. |
| 020 | _a9781526108364 | ||
| 029 | 1 | _ahttps://library.biblioboard.com/ext/api/media/34168b78-8361-4463-9242-524b518f50a4/assets/thumbnail.jpg | |
| 040 |
_aScCtBLL _cScCtBLL |
||
| 506 | 0 |
_aAccess copy available to the general public. _fUnrestricted _2star |
|
| 700 | 1 |
_aLeese, Matthias _eeditor. |
|
| 700 | 1 |
_aWittendorp, Stef _eeditor. |
|
| 264 | 1 | _bManchester University Press, | |
| 300 | _a1 online resource (233 p.) | ||
| 520 | _aMobility and security are key themes for students of international politics that assume a globalized world. This book brings together research that looks into the political regulation of movement with research that engages the material enablers of and constraints on such movement. The setup of the book explores overlaps between critical security studies and political geography in order to bridge the gap between disciplines that study aspects of global modernity and its politics and practices.The contributions to this book cover a broad range of topics that are bound together by their focus on both the politics and the material underpinnings of movement. The authors engage diverse themes such as internet infrastructure, the circulation of data, discourses of borders and bordering, bureaucracy, and citizenship, thereby identifying common themes of Security/Mobility today. | ||
| 588 | 0 | _aDescription based on print version record. | |
| 590 | _aKU Select 2016 Front List Collection | ||
| 650 | 7 |
_aPolitical Science / Security (national & International) _2bisacsh |
|
| 650 | 0 | _aPolitical science | |
| 655 | 0 | _aElectronic books. | |
| 758 |
_iIs found in: _aKnowledge Unlatched _1https://openresearchlibrary.org/module/2774bc74-146a-484f-a7ba-ab1d6a09bbfb |
||
| 856 | 4 | 0 |
_uhttps://openresearchlibrary.org/content/34168b78-8361-4463-9242-524b518f50a4 _zView this content on Open Research Library. _70 |
| 999 |
_c25236 _d25236 |
||